000 01355nam a2200397 i 4500
001 193210
003 SpMaBN
005 20240825183339.0
007 ta
008 231004s2011 sp | |||| 000 p spa
017 _aM 22734-2011
_bOficina Depósito Legal Barcelona
020 _a9788415014652
035 _a(OCoLC)776522408
035 _aa5076890
040 _aSpMaBN
_bspa
_cSpMaBN
_erdc
_dES-MaACL
080 _a821.134.2-14"19"
100 1 _aNistal, Gloria
_0XX1740682
_eaut
_9234310
245 1 0 _aInvierno w Warszawie /
_cGloria Nistal ; prólogo de Juan Manuel Santana Pérez
250 _a1ª ed.
260 _aMadrid :
_bSial,
_c[2011]
300 _a61 páginas ;
_c21 cm
336 _2rdacontent
_aTexto
337 _2rdamedia
_asin mediación
338 _2rdacarrier
_avolumen
490 1 _aFugger poesía ;
_v80
500 _aÍndice
655 7 _aPoesías
_2tgfbne
_9176539
700 1 _9234317
_aSantana Pérez, Juan Manuel
830 _aFugger poesía
_9185381
852 _aES-MaACL
_cDEPOJ
_9200592
_xEncuadernación rústica con solapas
_hDonación: Gloria Nistal
_jN-9422
903 _aNistal, Gloria
_ednr
_9234310
942 _n0
_cMONOGRAFIA
999 _c193210
_d193210